Atomic spectra and the vector model (Record no. 849)

MARC details
000 -LEADER
fixed length control field 00565nam a2200193Ia 4500
003 - CONTROL NUMBER IDENTIFIER
control field IN-BaIIA
008 - FIXED-LENGTH DATA ELEMENTS--GENERAL INFORMATION
fixed length control field 211028s9999 xx 000 0 eng d
040 ## - CATALOGING SOURCE
Transcribing agency IIA Library
080 ## - UNIVERSAL DECIMAL CLASSIFICATION NUMBER
Universal Decimal Classification number 535.338
Item number CAN-1
100 ## - MAIN ENTRY--PERSONAL NAME
Personal name Candler, A. C.
9 (RLIN) 1816
245 #0 - TITLE STATEMENT
Title Atomic spectra and the vector model
Remainder of title vol. II, complex spectra
Statement of responsibility, etc. A. C. Candler
260 ## - PUBLICATION, DISTRIBUTION, ETC.
Place of publication, distribution, etc. Cambridge
Name of publisher, distributor, etc. Cambridge University Press
Date of publication, distribution, etc. 1937
300 ## - PHYSICAL DESCRIPTION
Extent 279p.
650 ## - SUBJECT ADDED ENTRY--TOPICAL TERM
Topical term or geographic name entry element Atomic Spectra
9 (RLIN) 1533
650 ## - SUBJECT ADDED ENTRY--TOPICAL TERM
Topical term or geographic name entry element Atomic Structure
9 (RLIN) 1534
650 ## - SUBJECT ADDED ENTRY--TOPICAL TERM
Topical term or geographic name entry element Complex Spectra
9 (RLIN) 1817
650 ## - SUBJECT ADDED ENTRY--TOPICAL TERM
Topical term or geographic name entry element Spectroscopy
9 (RLIN) 1535
942 ## - ADDED ENTRY ELEMENTS (KOHA)
Koha item type Books
Holdings
Withdrawn status Lost status Damaged status Not for loan Home library Current library Shelving location Date acquired Total Checkouts Full call number Barcode Date last seen Price effective from Koha item type
        IIA Library-Bangalore IIA Library-Bangalore General Stacks     535.338/ CAN-1 875 05/11/2021   Books

Powered by Koha